LEADER 00948cam2 22002651 450 001 SOBE00033879 005 20231218101819.0 100 $a20130604h1959 |||||ita|0103 ba 101 $afre 102 $aFR 200 1 $a<<2:>>1756-1763$fGiovanni Giacomo Casanova$gédition établie te annotée par Robert Abirached 210 $aParis$cGallimard$d1959 215 $aXV, 1253 p.$d17 cm 461 1$1001E600200039583$12001 $aMémoires / Giovanni Giacomo Casanova 700 1$aCasanova$b, Giovanni Giacomo$3A600200049533$4070$0152580 702 1$aAbirached, Robert$3A600200049534$4070 801 0$aIT$bUNISOB$c20231218$gRICA 850 $aUNISOB 852 $aUNISOB$j840|Coll|12|K$m56154 912 $aSOBE00033879 940 $aM 102 Monografia moderna SBN 941 $aM 957 $a840|Coll|12|K$b000031$i-2$gSI$d56154$1catenacci$2UNISOB$3UNISOB$420130604131133.0$520231218101819.0$6Spinosa 996 $a1756-1763$9937005 997 $aUNISOB